Spirituality in counselling and psychotherapy (Record no. 107087)
| 000 -LEADER | |
|---|---|
| fixed length control field | 00551nam a2200193Ia 4500 |
| 003 - CONTROL NUMBER IDENTIFIER | |
| control field | LDD |
| 008 - FIXED-LENGTH DATA ELEMENTS--GENERAL INFORMATION | |
| fixed length control field | 181029s9999 xx 000 0 und d |
| 020 ## - INTERNATIONAL STANDARD BOOK NUMBER | |
| International Standard Book Number | 9781412919562 |
| Terms of availability | 750.00 |
| 040 ## - CATALOGING SOURCE | |
| Transcribing agency | LDD |
| 100 ## - MAIN ENTRY--PERSONAL NAME | |
| Personal name | Lines, Dennis |
| 245 #0 - TITLE STATEMENT | |
| Title | Spirituality in counselling and psychotherapy |
| Statement of responsibility, etc. | Dennis Lines |
| 260 ## - PUBLICATION, DISTRIBUTION, ETC. | |
| Place of publication, distribution, etc. | London |
| Name of publisher, distributor, etc. | Sage |
| Date of publication, distribution, etc. | 2006 |
| 300 ## - PHYSICAL DESCRIPTION | |
| Extent | x, 213p |
| 365 ## - TRADE PRICE | |
| Price amount | 750.00 |
| 901 ## - LOCAL DATA ELEMENT A, LDA (RLIN) | |
| a | 10092 |
| b | 12-01-2013 |
| 902 ## - LOCAL DATA ELEMENT B, LDB (RLIN) | |
| a | IN1315 |
| b | 17-01-2013 |
| c | F |
| d | SELECT |
| e | PSY |
| 903 ## - LOCAL DATA ELEMENT C, LDC (RLIN) | |
| a | Discount-15 |
| b | Reqst by : Suhas Shetgovekar |
| 942 ## - ADDED ENTRY ELEMENTS (KOHA) | |
| Source of classification or shelving scheme | Dewey Decimal Classification |
| Koha item type | Books |
| Withdrawn status | Lost status | Source of classification or shelving scheme | Damaged status | Not for loan | Home library | Current library | Total Checkouts | Full call number | Barcode | Date last seen | Price effective from | Koha item type |
|---|---|---|---|---|---|---|---|---|---|---|---|---|
| No | Dewey Decimal Classification | Library and Documentation Division | Library and Documentation Division | 616.8914 L645S | 090421 | 11/01/2018 | 11/01/2018 | Books |
